书目信息 |
| 题名: |
AutoCAD 2006机械设计师就业技能培训教程
|
|
| 作者: | 沈大林 主编 ;季红益 , 张凤红 , 刘璐 编著 | |
| 分册: | ||
| 出版信息: | 北京 中国铁道出版社 2007.04 |
|
| 页数: | 348页 | |
| 开本: | 26cm | |
| 丛书名: | ||
| 单 册: | ||
| 中图分类: | TH122 | |
| 科图分类: | ||
| 主题词: | 机械设计--ji xie she ji--计算机辅助设计--应用软件--AutoCAD 2006--技术培训--教材 | |
| 电子资源: | ||
| ISBN: | 978-7-113-07581-1 | |
| 000 | 01081nam0 2200265 450 | |
| 001 | 012007083796 | |
| 005 | 20070926163745.50 | |
| 010 | @a978-7-113-07581-1@dCNY36.00 (含光盘) | |
| 100 | @a20070720d2007 km y0chiy0120 ea | |
| 101 | 0 | @achi |
| 102 | @aCN@b110000 | |
| 105 | @aa z 000yy | |
| 200 | 1 | @aAutoCAD 2006机械设计师就业技能培训教程@AAutoCAD 2006 ji xie she ji shi jiu ye ji neng pei xun jiao cheng@f沈大林主编@Fshen da lin zhu bian@g刘璐 ... [等] 编著@Gliu lu...[deng]bian zhu |
| 210 | @a北京@c中国铁道出版社@d2007.04 | |
| 215 | @a348页@c图@d26cm@e光盘1片 | |
| 304 | @a题名页题 : 刘璐, 季红益, 张凤红, 于占江编著 | |
| 330 | @a本书通过20个实用案例进行讲解,在介绍AutoCAD软件使用方法的同时,还提供了大量实例、使用技巧、各种典型机械图形等。 | |
| 606 | 0 | @a机械设计@Aji xie she ji@x计算机辅助设计@x应用软件@xAutoCAD 2006@x技术培训@j教材 |
| 690 | @aTH122@v4 | |
| 701 | 0 | @a沈大林@Ashen da lin@4主编 |
| 702 | 0 | @a季红益@Aji hong yi@4编著 |
| 702 | 0 | @a张凤红@Azhang feng hong@4编著 |
| 702 | 0 | @a刘璐@Aliu lu@4编著 |
| 801 | 0 | @aCN@c20070926 |
| 905 | @dTH122@eS383 | |
| AutoCAD 2006机械设计师就业技能培训教程/沈大林主编/刘璐 ... [等] 编著.-北京:中国铁道出版社,2007.04 |
| 348页:图;26cm+光盘1片 |
| ISBN 978-7-113-07581-1:CNY36.00 (含光盘) |
| 本书通过20个实用案例进行讲解,在介绍AutoCAD软件使用方法的同时,还提供了大量实例、使用技巧、各种典型机械图形等。 |
| ● |
| 相关链接 |
|
|
|
正题名:AutoCAD 2006机械设计师就业技能培训教程
索取号:TH122/S383
 
预约/预借
| 序号 | 登录号 | 条形码 | 馆藏地/架位号 | 状态 | 备注 |
| 1 | 245211 | 202452112 | 自科二线400A/400A自科库 30排3列1层/ [索取号:TH122/S383] | 在馆 | |
| 2 | 245212 | 202452121 | 自科库501/501自科库 33排4列2层/ [索取号:TH122/S383] | 在馆 | |
| 3 | 245213 | 202452130 | 自科二线400A/400A自科库 30排3列1层/ [索取号:TH122/S383] | 在馆 |